Catalog

Record Details

Catalog Search



Mixing colors is fun  Cover Image Book Book

Mixing colors is fun / by Stacy Chambers.

Chambers, Stacy.: (author).

Record details

  • ISBN: 9780764137297 (pbk.)
  • ISBN: 0764137298 (pbk.)
  • Physical Description: 24 pages : color illustrations ; 24 cm.
  • Publisher: Hauppauge, N.Y. : Barron's, c2007.

Content descriptions

General Note:
"Level 3"--Cover.
Bibliography, etc. Note:
Includes bibliographical references (p. 21) and index.
Subject: Color in art > Juvenile literature.
Painting > Technique > Juvenile literature.
Painting > Technique.
Genre: Phonics readers.
Juvenile works.
Literature.

Available copies

  • 1 of 1 copy available at scottsboropl.

Holds

  • 0 current holds with 1 total copy.
Show Only Available Copies
Location Call Number / Copy Notes Barcode Shelving Location Status Due Date
scottsboropl BR Bar 32269000811649 Juvenile - Beginning Reader Available -

LDR 01282cam a2200325 a 4500
001130669
003SBPL
00520140703073306.0
008060928s2007 nyua j b 001 0 eng
010 . ‡a 2006032251
020 . ‡a9780764137297 (pbk.)
020 . ‡a0764137298 (pbk.)
035 . ‡a(CONS)130669
035 . ‡a(CPomAG)LMN500905
05000. ‡aND1488 ‡b.C44 2007
08200. ‡a701/.85 ‡222
1001 . ‡aChambers, Stacy.: ‡eauthor
24510. ‡aMixing colors is fun / ‡cby Stacy Chambers.
246 0. ‡aMixing Color
260 . ‡aHauppauge, N.Y. : ‡bBarron's, ‡cc2007.
300 . ‡a24 pages : ‡bcolor illustrations ; ‡c24 cm.
336 . ‡atext ‡btxt ‡2rdacontent
337 . ‡aunmediated ‡bn ‡2rdamedia
338 . ‡avolume ‡bnc ‡2rdacarrier
4901 . ‡aReader's clubhouse
500 . ‡a"Level 3"--Cover.
504 . ‡aIncludes bibliographical references (p. 21) and index.
650 0. ‡aColor in art ‡vJuvenile literature.
650 0. ‡aPainting ‡xTechnique ‡vJuvenile literature.
650 1. ‡aPainting ‡xTechnique.
655 7. ‡aPhonics readers.
655 7. ‡aJuvenile works.
655 7. ‡aLiterature. ‡2lcgft
830 0. ‡aReader's clubhouse.
901 . ‡a130669 ‡bUnknown ‡c130669 ‡tbiblio

Additional Resources